|
|
|
|
| LEADER |
00000nab a2200000 a 4500 |
| 001 |
vtls011124062 |
| 003 |
SK-MaSNL |
| 005 |
20260303143737.0 |
| 008 |
230222|1979 xo |||||||||||||||||slo| |
| 015 |
|
|
|a SNBRB
|
| 035 |
|
|
|a (uuid)b9876d31-dbe1-4d7a-bf71-4549ca869107
|
| 035 |
|
|
|a (urnnbn)urn:nbn:sk:snk:ar-a09r13
|
| 035 |
|
|
|a urn:nbn:sk:snk-ab9yo0
|
| 040 |
|
|
|a SNKBUCL
|b slo
|c SNKBUCL
|e AACR2
|
| 041 |
0 |
|
|a slo
|
| 044 |
|
|
|a xo
|c SK
|
| 100 |
1 |
|
|a Lácová, M.
|4 aut
|9 787395
|
| 245 |
1 |
0 |
|a K problematike vývoja nových pesticídnych látok v súvislosti s ochranou životného prostredia
|c M. Lácová
|
| 773 |
0 |
|
|t Acta Facultatis rerum naturalium Universitatis Comenianae
|g Roč. 5, č. 5 (1979), s. [117]-123
|
| 954 |
|
|
|a odborná, vedecká literatúra pôvodná (slovenská)
|2 lita
|
| 958 |
|
|
|a OND
|
| 958 |
|
|
|a EUIPO
|
| 958 |
|
|
|a article13
|
| 999 |
|
|
|c 1992166
|d 1994096
|